Statistics for Medical Vocabulary

Click here to take the quiz!

General Stats

  • This quiz has been taken 14,413 times
  • The average score is 16 of 20

Answer Stats

Definition Word % Correct
Not malignantBenign
93%
Cosmetic procedure of removing fat from the body{Lipo}suction
92%
Surgeon's knifeScalpel
92%
A disorder that can cause people to feel like they are spinning when they aren'tVertigo
91%
Hormone that absorbs blood sugarInsulin
90%
Process of using a machine to remove toxins in people with kidney disfunctionDialysis
89%
Substance produced in the liver and stored in the gallbladderBile
88%
Yellowish discoloration of the skinJaundice
86%
Prefix that means "related to the heart"Cardio
85%
Removal of tissue to make a diagnosisBiopsy
80%
Disease caused by lack of Vitamin CScurvy
80%
Sound waves with a frequency too high to be heard. Used for medical imagingUltrasound
78%
Related to the kidneyRenal
77%
Pea-sized gland that regulates growthPituitary
75%
Medical outlook; Odds of survivalPrognosis
73%
Any substance which increases production of urineDiuretic
67%
Component of blood whose function is to cause clottingPlatelet
66%
Death of tissueNecrosis
62%
BruiseContusion
59%
To stick a tube into the tracheaIntubate
52%

Score Distribution

Percentile by Number Answered

Percent of People with Each Score

Your Score History

You have not taken this quiz